000 00602nam a2200229Ia 4500
003 OSt
005 20220924153819.0
006 a|||||r|||| 00| 0
007 ta
008 220923b |||||||| |||| 00| 0 mal d
024 _a352465
037 _cTextual
040 _aARTS
_cARTS
_bmal
041 _2mal
_amal
082 _aNR222:91:91,3, 32J8
100 _aKunjan Nambiyar Au.
_9229820
245 0 _aArupathu thullal kathakal
260 _c1968
650 _aMUSIC
_917402
942 _hNR222:91:91,3, 32J8
_cTEXL
_2CC
999 _c474857
_d474857